Эмирхан Еники: эдипнен тормыш hэм ижат юлы (Запись № 9618900)

Подробности
000 -МАРКЕР
контрольное поле 01698nam0a2200349 4500
001 - ИДЕНТИФИКАТОР ЗАПИСИ
контрольное поле RU\NLR\ONL2\14568
005 - ИДЕНТИФИКАТОР ВЕРСИИ
контрольное поле 20250613131308.0
010 ## - МЕЖДУНАРОДНЫЙ СТАНДАРТНЫЙ НОМЕР КНИГИ (ISBN)
Номер (ISBN) 978-5-87730-391-1
Тираж 500
035 ## - ДРУГИЕ СИСТЕМНЫЕ НОМЕРА
Идентификатор записи (NLR Aleph) 009662153
100 ## - ДАННЫЕ ОБЩЕЙ ОБРАБОТКИ
Данные общей обработки 20090820d2009 |||y0rusy50 ca
101 0# - ЯЗЫК РЕСУРСА
Язык текста, звукозаписи и т.д. татарский
102 ## - СТРАНА ПУБЛИКАЦИИ ИЛИ ПРОИЗВОДСТВА
Страна публикации Российская Федерация
105 ## - ПОЛЕ КОДИРОВАННЫХ ДАННЫХ: ТЕКСТОВЫЕ МАТЕРИАЛЫ, МОНОГРАФИЧЕСКИЕ
Кодированные данные о монографическом текстовом документе y |||||||||
200 1# - ЗАГЛАВИЕ И СВЕДЕНИЯ ОБ ОТВЕТСТВЕННОСТИ
Основное заглавие Эмирхан Еники: эдипнен тормыш hэм ижат юлы
Сведения, относящиеся к заглавию монография
-- (язучынын 100 еллыгына багышлана)
Первые сведения об ответственности Фэрит Хатипов, Рифат Сверигин
Последующие сведения об ответственности РФ мэгариф hэм фэн м-лыгы. Югары hөнэри белем биру дэулэт мэгариф учреждениесе "Татар дэулэт гуманитар-педагогика университеты"
210 ## - ПУБЛИКАЦИЯ, РАСПРОСТРАНЕНИЕ И ДР.
Место издания, распространения и т.д. Казан
Имя издателя, распространителя и т. д. ТДГПУ
Дата издания, распространения и т.д. 2009
215 ## - ФИЗИЧЕСКАЯ ХАРАКТЕРИСТИКА
Специфическое обозначение материала и объем 114 б.
Размеры 21
320 ## - ПРИМЕЧАНИЯ О НАЛИЧИИ В ДОКУМЕНТЕ БИБЛИОГРАФИИ / УКАЗАТЕЛЯ
Текст примечания Библиогр.: с. 100-113.
541 1# - ПЕРЕВОД ЗАГЛАВИЯ, СДЕЛАННЫЙ КАТАЛОГИЗАТОРОМ
Связь между полями z01790
Заглавие Амирхан Еники
Сведения, относящиеся к заглавию монография.
Язык заглавия русский
600 01 - ИМЯ ЛИЦА КАК ПРЕДМЕТ
Начальный элемент ввода Еники
Часть имени, кроме начального элемента ввода Э.
Даты 1909-2000
Расширение инициалов личного имени Эмирхан
Код системы psbo
606 0# - НАИМЕНОВАНИЕ ТЕМЫ КАК ПРЕДМЕТ
Наименование темы Татарская литература
Тематический подзаголовок История
Системный номер авторитетной/нормативной записи 2175405
Идентификатор авторитетной/нормативной записи RU\NLR\auth-onl\6689
686 1# - ИНДЕКСЫ ДРУГИХ КЛАССИФИКАЦИЙ
Индекс Ш5(2=Тат)7-4Еники Э.4
700 #1 - ИМЯ ЛИЦА - ПЕРВИЧНАЯ ОТВЕТСТВЕННОСТЬ
Начальный элемент ввода Хатипов
Часть имени, кроме начального элемента ввода Ф. М.
Расширение инициалов личного имени Фэрит Миргалим улы
Код отношения Автор
701 #1 - ИМЯ ЛИЦА - АЛЬТЕРНАТИВНАЯ ОТВЕТСТВЕННОСТЬ
Начальный элемент ввода Сверигин
Часть имени, кроме начального элемента ввода Р. Х.
Расширение инициалов личного имени Рифат Хэсэн улы
Код отношения Автор
790 #1 - ИМЯ ЛИЦА - АЛЬТЕРНАТИВНАЯ ФОРМА
Связь между полями z01541
Начальный элемент ввода Хатипов
Часть имени, кроме начального элемента ввода Ф. М.
Дополнения к именам, кроме дат д-р филол. н., проф.
Расширение инициалов личного имени Фарит Миргалимович
Код отношения Автор
801 #0 - ИСТОЧНИК ЗАПИСИ
Страна Российская Федерация
Организация NLR
Дата составления 20090820
Правила каталогизации PSBO
852 ## - МЕСТОНАХОЖДЕНИЕ И ШИФР ХРАНЕНИЯ
Идентификатор организации NLR
Наименование фонда или коллекции (Sub-Location Identifier) ОНЛ
Шифр хранения (Call Number) Татар./3-13714
942 ## - ДОПОЛНИТЕЛЬНЫЕ ЭЛЕМЕНТЫ ЗАПИСИ (АБИС)
Тип экземпляра АБИС Книга
980 ## - КОЛЛЕКЦИЯ
Название коллекции Национальная библиография
980 ## - КОЛЛЕКЦИЯ
Название коллекции Каталог книг на языках народов РФ и стран СНГ
Экземпляры
Тип экземпляра Дата поступления Библиотека постоянного хранения Библиотека текущего хранения Место хранения Шифр хранения Штрих-код Статус экземпляра
Книга 26.10.2013 РНБ (Московский) РНБ (Московский) Фонд национальных литератур Татар./3-13714 9662153-10